logo

Bir Sreshtho Munshi Abdur Rouf Library
Jhenaidah Cadet College

বাংলা ভাষা : কয়েকটি প্রসঙ্গ / (Record no. 1543)

MARC details
000 -LEADER
fixed length control field 00703nam a2200229 a 4500
001 - CONTROL NUMBER
JCCL Control Number 1543
003 - CONTROL NUMBER IDENTIFIER
JCCL marc code BD-JhCC
005 - DATE AND TIME OF LATEST TRANSACTION
control field 20171021184429.0
008 - FIXED-LENGTH DATA ELEMENTS--GENERAL INFORMATION
fixed length control field 171021s2004 bg |||| ||a| 000 0 ben d
020 ## - INTERNATIONAL STANDARD BOOK NUMBER
International Standard Book Number 9844151740
035 ## - SYSTEM CONTROL NUMBER
system control number (BD-JhCC)1543
040 ## - CATALOGING SOURCE
Original cataloging agency BD-JhCC
Modifying agency BD-JhCC
041 ## - LANGUAGE CODE
Language code of Book ben
082 ## - DEWEY DECIMAL CLASSIFICATION NUMBER
Classification number 491.44
Author mark and Year HAQ 2004
100 ## - MAIN ENTRY--PERSONAL NAME
Personal name হক, মাহবুবুল
245 ## - TITLE STATEMENT
Title বাংলা ভাষা : কয়েকটি প্রসঙ্গ /
Statement of responsibility, etc মাহবুবুল হক,
260 ## - PUBLICATION, DISTRIBUTION, ETC. (IMPRINT)
Place of publication, distribution, etc ঢাকা :
Name of publisher, distributor, etc অবসর প্রকাশনী,
Date of publication, distribution, etc 2004
300 ## - PHYSICAL DESCRIPTION
Pagination 159 p. :
Dimensions 24 cm.
650 ## - SUBJECT ADDED ENTRY--TOPICAL TERM
Topical term or geographic name as entry element Bengali Language
General subdivision Study and Teaching
942 ## - ADDED ENTRY ELEMENTS (KOHA)
Source of classification or shelving scheme Dewey Decimal Classification
Koha item type Books
Holdings
Source of classification or shelving scheme Damaged status Not for loan Home library Current library Shelving location Date of accession Source of acquisition Cost, normal purchase price Total Checkouts Full call number Barcode Date last seen Copy number Koha item type
Dewey Decimal Classification     JCC Rouf Library JCC Rouf Library General Stacks 10/21/2017 Zahedee Foundation 120.00   491.44 HAQ 2004 2797 10/21/2017 C-1 Books

JCC Library | Contacts | JCC Home

Last Update on 23 September 2017
Copyright @ 2017-2020 JCC Rouf Library
Rouf Library, Jhenidah Cadet College (JCC), Bangladesh